শ্রেষ্ঠ উপন্যাস : (Record no. 10902)
[ view plain ]
| 000 -LEADER | |
|---|---|
| fixed length control field | 00818nam a2200229 a 4500 |
| 001 - CONTROL NUMBER | |
| JCCL Control Number | 10902 |
| 003 - CONTROL NUMBER IDENTIFIER | |
| JCCL marc code | BD-JhCC |
| 005 - DATE AND TIME OF LATEST TRANSACTION | |
| control field | 20221115134023.0 |
| 008 - FIXED-LENGTH DATA ELEMENTS--GENERAL INFORMATION | |
| fixed length control field | 190527b19992015bg |||| ||a| 000 0 ben d |
| 020 ## - INTERNATIONAL STANDARD BOOK NUMBER | |
| International Standard Book Number | 9844950294 |
| 035 ## - SYSTEM CONTROL NUMBER | |
| system control number | (BD-JhCC)10902 |
| 040 ## - CATALOGING SOURCE | |
| Original cataloging agency | BD-JhCC |
| Modifying agency | BD-JhCC |
| 041 ## - LANGUAGE CODE | |
| Language code of Book | ben |
| 082 ## - DEWEY DECIMAL CLASSIFICATION NUMBER | |
| Classification number | 891.443 |
| Author mark and Year | MOZ 2015 |
| 100 ## - MAIN ENTRY--PERSONAL NAME | |
| Personal name | মজুমদার, সমরেশ |
| 245 ## - TITLE STATEMENT | |
| Title | শ্রেষ্ঠ উপন্যাস : |
| Remainder of title | সাতকাহন প্রথম পর্ব, সাতকাহন দ্বিতীয় পর্ব, দৌড় / |
| Statement of responsibility, etc | সমরেশ মজুমদার |
| 260 ## - PUBLICATION, DISTRIBUTION, ETC. (IMPRINT) | |
| Place of publication, distribution, etc | ঢাকা, |
| Name of publisher, distributor, etc | পার্ল পালিকেশন্স; |
| Date of publication, distribution, etc | ২০১৫. |
| 300 ## - PHYSICAL DESCRIPTION | |
| Pagination | v-2, 868 p. : |
| Dimensions | 22 cm. |
| 650 ## - SUBJECT ADDED ENTRY--TOPICAL TERM | |
| Topical term or geographic name as entry element | Bengali Novel |
| 942 ## - ADDED ENTRY ELEMENTS (KOHA) | |
| Source of classification or shelving scheme | Dewey Decimal Classification |
| Koha item type | Books |
| Koha issues (borrowed), all copies | 7 |
| Source of classification or shelving scheme | volume number | Damaged status | Not for loan | Home library | Current library | Shelving location | Date of accession | Cost, normal purchase price | Total Checkouts | Full call number | Barcode | Date last seen | Date checked out | Copy number | Koha item type | Checked out |
|---|---|---|---|---|---|---|---|---|---|---|---|---|---|---|---|---|
| Dewey Decimal Classification | V-2 | JCC Rouf Library | JCC Rouf Library | General Stacks | 06/20/2019 | 600.00 | 4 | 891.443 MOZ 2015 | 14870 | 05/26/2025 | 05/26/2025 | C-1 | Books | |||
| Dewey Decimal Classification | V-2 | JCC Rouf Library | JCC Rouf Library | General Stacks | 06/08/2019 | 510.00 | 3 | 891.443 MOZ 2015 | 15398 | 04/08/2020 | 04/08/2020 | C-2 | Books | 04/26/2020 |